Central Library OPAC University of Rajshahi

A manual f business organisation / (Record no. 84955)

MARC details
000 -LEADER
fixed length control field 00506nam a2200193 a 4500
001 - CONTROL NUMBER
control field 84955
003 - CONTROL NUMBER IDENTIFIER
rucl marc code BD-RjUL
005 - DATE AND TIME OF LATEST TRANSACTION
control field 20250520100128.0
008 - FIXED-LENGTH DATA ELEMENTS--GENERAL INFORMATION
fixed length control field 250520s1955 bg ||||| |||| 00| 0 eng d
035 ## - SYSTEM CONTROL NUMBER
System control number (BD-RjUL)84955
040 ## - CATALOGING SOURCE
Original cataloging agency BD-RjUL
Language of cataloging eng
Transcribing agency BD-RjUL
041 ## - LANGUAGE CODE
Language code of text/sound track or separate title eng
082 ## - DEWEY DECIMAL CLASSIFICATION NUMBER
Edition number 23
Classification number 658
Author mark and year ULM 1955
100 ## - MAIN ENTRY--PERSONAL NAME
Personal name Ullah, Azmat
9 (RLIN) 15534
245 ## - TITLE STATEMENT
Title A manual f business organisation /
Statement of responsibility, etc. Azmat Ullah
300 ## - PHYSICAL DESCRIPTION
Pagination 298 p.;
Size 22 cm.
650 ## - SUBJECT ADDED ENTRY--TOPICAL TERM
Topical term or geographic name as entry element General Business management
9 (RLIN) 15535
942 ## - ADDED ENTRY ELEMENTS (KOHA)
Source of classification or shelving scheme Dewey Decimal Classification
Koha item type Books
Holdings
Lost status Source of classification or shelving scheme Damaged status Not for loan Collection code Permanent Location Current Location Shelving location Date acquired Total Checkouts Full call number Date last seen Copy number Koha item type
  Dewey Decimal Classification   Not For Loan Non-fiction Central Library, University of Rajshahi Central Library, University of Rajshahi Reading Room 20/05/2025   658 ULM 1955 20/05/2025 C-1 Books